Online Catalogue and eLibrary

Samaja viddyawa : (Record no. 982)

MARC details
000 -LEADER
fixed length control field 00431nam a2200169Ia 4500
005 - DATE AND TIME OF LATEST TRANSACTION
control field 20250519005556.0
008 - FIXED-LENGTH DATA ELEMENTS--GENERAL INFORMATION
fixed length control field 240331s9999 xx 000 0 und d
020 ## - INTERNATIONAL STANDARD BOOK NUMBER
ISBN 9555530629
082 ## - DDC Classification
Class No. 300.1
Item Number - Author Mark AMA
100 ## - MAIN ENTRY--PERSONAL NAME
Personal name Amarasekara, D
245 #0 - TITLE STATEMENT
Title Samaja viddyawa :
Remainder of title siddantha ha vidikkrama
250 ## - EDITION STATEMENT
Edition statement 3rd
260 ## - PUBLICATION, DISTRIBUTION, ETC.
Place of publication, distribution, etc. Varakapola
Name of publisher, distributor, etc. Arya Publishers
Date of publication, distribution, etc. 1994
300 ## - PHYSICAL DESCRIPTION
Extent (e.g. Volumes, Pages etc.) 178 p .,
500 ## - GENERAL NOTE
General note A book on Social Science
942 ## - Koha item type (Biblio)
Koha item type Books in Stacks (Lending)
Holdings
Lost status Damaged status Collection code Home library Current library Shelving location Date acquired Full call number Accession Number Item type
    Lending WERC Library WERC Library Social Science Cupboard 03/31/2024 300.1 AMA 2322 Books in Stacks (Lending)

© WERC Library